|
|
|
|
| LEADER |
00859nab a2200205 i 4500 |
| 001 |
acta8867 |
| 005 |
20240507093626.0 |
| 008 |
161015s2006 hu o 000 hun d |
| 022 |
|
|
|a 1586-0116
|
| 040 |
|
|
|a SZTE Egyetemi Kiadványok Repozitórium
|b hun
|
| 041 |
|
|
|a hun
|
| 100 |
1 |
|
|a Szombathy Bálint
|
| 245 |
1 |
2 |
|a A halál láttamoztatói
|h [elektronikus dokumentum] :
|b a személyiségkivetítés kollektivista modelljének néhány párhuzama századunk művészetében /
|c Szombathy Bálint
|
| 260 |
|
|
|a JABE a Hallgatókért Kiadói Alapítvány
|b Szeged
|c 2006
|
| 300 |
|
|
|a 57-63
|
| 490 |
0 |
|
|a Fosszília
|
| 650 |
|
4 |
|a Bölcsészettudományok
|
| 650 |
|
4 |
|a Művészetek (művészetek, művészettörténet, előadóművészetek, zene)
|
| 695 |
|
|
|a Művészetelmélet
|
| 856 |
4 |
0 |
|u http://acta.bibl.u-szeged.hu/8867/1/fosszilia_2006_4_057-063.pdf
|z Dokumentum-elérés
|